Conducta verbal (Registro nro. 10787)

000 -CABECERA
Campo de control de longitud fija 01314nam a22003257a 4500
003 - IDENTIFICADOR DEL NÚMERO DE CONTROL
Campo de control OSt
005 - FECHA Y HORA DE LA ÚLTIMA TRANSACCIÓN
Campo de control 20260327144459.0
008 - CÓDIGOS DE INFORMACIÓN DE LONGITUD FIJA
Campo de control de longitud fija 260326t1981 xxu||||| |||| 00| 0 spa d
020 ## - NÚMERO INTERNACIONAL NORMALIZADO PARA LIBROS (ISBN)
Número Internacional Normalizado para Libros (ISBN) 968240987X
020 ## - NÚMERO INTERNACIONAL NORMALIZADO PARA LIBROS (ISBN)
Número Internacional Normalizado para Libros (ISBN) 0139415912
040 ## - FUENTE DE LA CATALOGACIÓN
Centro catalogador de origen Unicoc
Lengua de catalogación spa
Centro que cataloga Bogotá (Dr. David Ordóñez Rueda) - Campus Norte
Centro modificador Bogotá (Dr. David Ordóñez Rueda) - Campus Norte
082 ## - NÚMERO DE LA CLASIFICACIÓN DECIMAL DEWEY
Número de clasificación 153.93
100 ## - PUNTO DE ACCESO PRINCIPAL - NOMBRE DE PERSONA
9 (RLIN) 12755
Nombre de persona Skinner, Burrhus Frederic
245 ## - MENCIÓN DE TÍTULO
Título Conducta verbal
Mención de responsabilidad etc. / Burrhus Frederic Skinner
250 ## - MENCIÓN DE EDICIÓN
Mención de edición 1 Ed.
260 ## - PUBLICATION, DISTRIBUTION, ETC. (IMPRINT)
Lugar de publicación distribución etc. México :
Nombre del editor distribuidor etc. Trillas ,
Fecha de publicación distribución etc. 1981
300 ## - DESCRIPCIÓN FÍSICA
Extensión 509 páginas
Otras características físicas Ilustraciones
440 ## - MENCIÓN DE SERIE
9 (RLIN) 12803
Título Howard Rochester Colección
500 ## - NOTA GENERAL
Nota general Incluye Índice
505 ## - NOTA DE CONTENIDO CON FORMATO
Título Unidad 1. Un programa. --
-- Unidad 2. Variables de control. --
-- Unidad 3. Variables múltiples. --
-- Unidad 4. La manipulación de la conducta verbal. --
-- Unidad 5. Producción de la conducta verbal.
526 ## - NOTA DE INFORMACIÓN SOBRE EL PROGRAMA DE ESTUDIO
Institución que aplica el campo Unicoc
546 ## - NOTA DE LENGUA
Nota de lengua Español
650 #0 - PUNTO DE ACCESO ADICIONAL DE MATERIA - TÉRMINO DE MATERIA
9 (RLIN) 10009
Término de materia o nombre geográfico como elemento inicial Psicolingüística
650 #0 - PUNTO DE ACCESO ADICIONAL DE MATERIA - TÉRMINO DE MATERIA
9 (RLIN) 9335
Término de materia o nombre geográfico como elemento inicial Conducta (Psicología)
650 #0 - PUNTO DE ACCESO ADICIONAL DE MATERIA - TÉRMINO DE MATERIA
9 (RLIN) 12804
Término de materia o nombre geográfico como elemento inicial Psicología del lenguaje
650 #0 - PUNTO DE ACCESO ADICIONAL DE MATERIA - TÉRMINO DE MATERIA
9 (RLIN) 12805
Término de materia o nombre geográfico como elemento inicial Lenguaje
Subdivisión de materia general Aspectos psicológicos
658 #0 - TÉRMINO DE INDIZACIÓN - OBJETIVO CURRICULAR
9 (RLIN) 10741
Programa Académico Programa de Psicología
856 ## - LOCALIZACIÓN Y ACCESO ELECTRÓNICOS
Identificador Uniforme del Recurso (URI) https://unicoceduco-my.sharepoint.com/:b:/g/personal/direccionbiblioteca_unicoc_edu_co/IQAWauaZf4rSSbJmmRNGrmopAQruPJVjyFGAJRVOKb_4LfU?e=LVs3ST
Especificación de materiales Acceso online exclusivo para comunidad Unicoc.
942 ## - ENTRADA PARA ELEMENTOS AGREGADOS (KOHA)
Fuente de clasificación o esquema de ordenación en estanterías
Koha [por defecto] tipo de item Libro electrónico
Existencias
Código de barras Fecha última consulta Fuente de clasificación o esquema de ordenación en estanterías Fecha de adquisición Estado de pérdida Fuente de adquisición Fecha del precio de reemplazo Estropeado No para préstamo Localización permanente Tipo de item de Koha Signatura completa Localización actual Precio Código de colección
Ebook107872026-03-26 2026-03-26 Compra2026-03-26  Bogotá (Dr. David Ordóñez Rueda) - Campus NorteLibro electrónico153.93Bogotá (Dr. David Ordóñez Rueda) - Campus Norte200000.00Coleccion Online

© 2014 UNICOC | Institución Universitaria Colegios de Colombia - UNICOC
Bogotá D.C. Autopista Norte Km. 20. Teléfono:(571)6683535
Cali: Calle 13 Norte No. 3N-13. Teléfono: (572)6608887

Con tecnología de Koha